000 00291nam a2200097Ia 4500
008 220204s9999 xx 000 0 und d
100 _aCousins, Donald
245 0 _aTeach yourself book-keeping: An introduction to bookkeeping and business methods
260 _aLondon
_bELBS
_c1970
942 _cBK
999 _c22857
_d22857